| 000 | 01687cam a2200253 4500 | ||
|---|---|---|---|
| 001 | ABS68335 | ||
| 008 | 041022n2004 000 0 eng u | ||
| 035 | _a(Sirsi) u127801 | ||
| 100 | _aBrewer, G. | ||
| 245 | 4 | _aThe recovery of management costs | |
| 260 | _c2004 | ||
| 490 |
_aContract Journal _v425(6491) 2 September 2004, 26(1) |
||
| 520 | _aDiscusses "Euro Pools plc v Clydeside Steel Fabrications Ltd" (OHCS,unreported) which concerned whether a claimant may be entitled to recover management costs as a head of claim. E was engaged to install filtration systems for swimming pools and had subcontracted C to fabricate and supply the tanks. When, shortly after installation, the tanks started to suffer widespread corrosion, E claimed costs of remedial works from C, including time and travel costs of E's employees on the work and compensation for work they were unable to take on at this time. C argued no extra remuneration would have been earned, as staff just had to work harder. Judge found for E arguing that where employees are required to spend time on rectification works following a breach of contract, the employer will normally be entitled to recover the cost of the wages paid to those employees, together with a contribution to general overheads. View judgment at www.scotcourts.gov.uk. | ||
| 590 | _aABS | ||
| 590 | _aABS | ||
| 650 | _aEURO POOLS PLC V CLYDESIDE STEEL FABRICATIONS LTD | ||
| 650 | _aAMEC PROCESS AND ENERGY V STORK ENGINEERS AND CONTRACTORS | ||
| 650 | _aPHEE FARRER JONES V CONNAUGHT MASON | ||
| 650 | _aCLAIMS | ||
| 650 | _aMANAGEMENT COSTS | ||
| 650 | _aSUBCONTRACTORS | ||
| 690 | _aDISPUTE RESOLUTION-CASE LAW | ||
| 942 | _n0 | ||
| 999 |
_c118216 _d118216 |
||